000 00390cam a2200181 4500
001 D13690
008 090401t1925 xxu||||| |||| 00| 0 eng d
035 _a(Sirsi) u11154
041 _aeng
100 _aRea, John T
245 _aHow to estimate
250 _a4th
260 _aLondon
_bB T Batsford
_c1925
350 _a0
520 _aShelf 304
942 _n0
948 _c04/03/1997
999 _c86819
_d86819